| 000 | 01206nam a2200289 a 4500 | ||
|---|---|---|---|
| 001 | 000035821 | ||
| 005 | 20200120222244.0 | ||
| 008 | 090707s2008 col0 gr0 0 000 d | ||
| 020 | _a9789584503480 | ||
| 090 |
_aAN _bGARc.1 |
||
| 100 | 0 | _aGarcía Márquez, Gabriel | |
| 245 | 1 | 3 |
_aEl coronel no tiene quien le escriba / _cGabriel García Márquez. |
| 260 |
_aBogotá : _bNorma, _c2008. |
||
| 300 | _a79 p. | ||
| 490 | 0 | _aVerticales de bolsillo : biblioteca García Márquez | |
| 500 | _aSin inventario, esté título pertenece a la Biblioteca Ceic Norte | ||
| 500 | _aEj : 1,2 de Biblioteca Mosquera ISBN : 9789585710368 | ||
| 500 | _aEj : 1 de Biblioteca Chicalá ISBN : 9789585710368. Norma 2012. | ||
| 500 | _aEj : 1 de Centro de Documentación en Salúd ISBN : 9789585710368. Norma 2012. | ||
| 500 | _aEj : 1 de CSC Usaquén ISBN : 9789585710368. Norma 2012. | ||
| 500 | _aEj : 1 de CSC Funza ISBN : 9789585710368. Norma 2012. | ||
| 500 | _aEj: 1 de Calle 63 ISBN : 9789585710368. Norma 2012. | ||
| 500 | _aEj: 1 deBiblioteca Ciudadela ISBN : 9789585710368. Norma 2012. | ||
| 650 | 1 | 4 | _aNovela colombiana. |
| 650 | 1 | 4 | _aLiteratura colombiana. |
| 901 | _aCompra, Norma; $19.900, 2008 | ||
| 999 |
_c2088 _d2088 |
||